One Piece - Cross Guild Bounties - Statistics

General Stats
  • This quiz has been taken 116 times
  • The average score is 9 of 15
Answer Stats
Bounty Marine % Correct
3,000,000,000 Garp
100%
3,000,000,000 Kizaru
100%
5,000,000,000 Akainu
99%
3,000,000,000 Fujitora
91%
500,000,000 Koby
87%
3,000,000,000 Greenbull
84%
500,000,000 Smoker
76%
100,000,000 Helmeppo
72%
100,000,000 Tashigi
61%
200,000,000 Hina
45%
1,000,000 Fullbody
28%
200,000,000 Hibari
25%
1,000,000 Jango
25%
500,000,000 Sentomaru
9%
100,000,000 Shu
4%
No matching quizzes found
Score Distribution
Percent of People with Each Score
Percentile by Number Answered
Your Score History
You have not taken this quiz